Statistiques concernant Jeux Vidéo - Licences les plus vendues

Cliquez ici pour prendre le quiz!

Statistiques générales

  • Ce quiz a été pris 354 fois
    (292 depuis la dernière actualisation)
  • Le résultat moyen est 16 sur 48

Statistiques - réponses

ClassementNombre de ventes (en millions)Réponse% Correct
5400Grand Theft Auto
88%
4420Call of Duty
87%
1680Mario
87%
6325FIFA
75%
7238Minecraft
73%
11161The Legend of Zelda
69%
3440Pokemon
66%
2677Sonic
55%
9200Assassins Creed
51%
2497Tetris
48%
2871Battlefield
41%
17111PES
40%
18110NBA 2K
37%
3366Animal Crossing
36%
12159Final Fantasy
36%
2285Halo
35%
3862Red Dead Redemption
34%
2580God of War
33%
3764Super Smash Bros
33%
13150Need for Speed
32%
4453Far Cry
31%
10197Wii
31%
2481Gran Turismo
28%
4354Mortal Kombat
28%
3565Counter-Strike
27%
8200Sims
27%
4850Tekken
25%
2188Tomb Raider
25%
4650Crash Bandicoot
23%
2772Donkey Kong
23%
14135Resident Evil
23%
3960Metal Gear
19%
3665The Witcher
19%
4059Dragon Ball
18%
3465PUBG
18%
4159The Elder Scrolls
18%
2970Just Dance
17%
19105Lego
17%
4750Diablo
15%
2382Dragon Quest
12%
15130Madden NFL
12%
3170WWE 2K
12%
2090Monster Hunter
11%
16122Tom Clancy's
9%
3070Borderlands
7%
4257Civilization
6%
3268The Oregon Trail
2%
4550Bejeweled
1%

Distribution des résultats

Percentile par nombre de réponses

% des personnes avec chaque résultat

Votre développement - résultats

Vous n’avez pas pris ce quiz depuis la dernière actualisation